000 00457nam a2200169Ia 4500
999 _c11768
_d11768
003 OSt
005 20201117142756.0
008 190216s9999||||xx |||||||||||||| ||und||
040 _coclc
082 _a823.01
_bHEM/F
100 _aHemming, James
_94674
245 0 _aFlicker Misses /
_cJames Hemming
260 _bLongmans,
_c1964.
_aLondon:
300 _a64p
650 _aSpeeches
942 _cBK
_2ddc
_h823.01
_iHEM/F
_k823.01
_mHEM/F